000 00563 a2200217 4500
005 20250421154243.0
008 250421b |||||||| |||| 00| 0 eng d
020 _a9789360536930
_cRs. 1250.00
040 _aMAIN
082 _a657.95
_bW251C
100 _aWarren, Carl S
245 _aCorporate financial accounting
250 _a16th
260 _bCengage Learning India
_aDelhi
_c2024
300 _axix, 760
650 _aManagement
650 _xCorporate Financial
650 _xFinancial Accounting
700 _aJones, Jefferson P
942 _cBK
999 _c359910
_d359910